Bishaarotul A'milin Wa Nazaarotul Ghoofilin (Record no. 88585)

MARC details
000 -LEADER
fixed length control field 00538nam a2200193 i 4500
001 - CONTROL NUMBER
control field C2-0282326
003 - CONTROL NUMBER IDENTIFIER
control field PPAK
005 - DATE AND TIME OF LATEST TRANSACTION
control field 20180728012715.0
008 - FIXED-LENGTH DATA ELEMENTS--GENERAL INFORMATION
fixed length control field 071004s1996 th |||| ||||| | ara d
040 ## - CATALOGING SOURCE
Original cataloging agency PPAK
Language of cataloging eng
Transcribing agency PPAK
Description conventions rda
100 0# - MAIN ENTRY--PERSONAL NAME
Personal name Syeikh Ahmad bin Muhammad,
Relator term author
245 10 - TITLE STATEMENT
Title Bishaarotul A'milin Wa Nazaarotul Ghoofilin
264 #1 - PRODUCTION, PUBLICATION, DISTRIBUTION, MANUFACTURE, AND COPYRIGHT NOTICE
Place of production, publication, distribution, manufacture Pattani :
Name of producer, publisher, distributor, manufacturer Khazanah Al-Fathoniah ,
Date of production, publication, distribution, manufacture, or copyright notice 1996
300 ## - PHYSICAL DESCRIPTION
Extent 217 pages
336 ## - CONTENT TYPE
Source rdacontent
Content type term text
337 ## - MEDIA TYPE
Source rdamedia
Media type term unmediated
338 ## - CARRIER TYPE
Source rdacarrier
Carrier type term volume
942 ## - ADDED ENTRY ELEMENTS (KOHA)
-- dc
Koha item type Book
Holdings
Withdrawn Not for loan Current library Shelving location Date acquired Total Checkouts Barcode Date last seen Koha item type
  Not For Loan Perpustakaan Alor Setar Koleksi Kedah 04/10/2007   A00156364 09/05/2018 Book